00388nam a2200109Ia 4500008004100000041000800041082001700049100002100066245012800087260004500215300001800260241028s9999 xx 000 0 und d aeng a330.0151 CHU aChudik Alexander aEssays In Honor Of M. Hashem Pesaran: Panel Modeling, Micro Applications, And Ey Panel Modeling, Micro Applications, And Ey bEmerald PublishingaUnited Kingdomc2021 a365;. P 24 cm